Corporate entrepreneurship: innovation and strategy in large organizations. (3rd ed). (Record no. 38867)

MARC details
000 -LEADER
fixed length control field 00808nam a2200217 a 4500
008 - FIXED-LENGTH DATA ELEMENTS--GENERAL INFORMATION
fixed length control field 150515s2013 ||||||||||||||||| || u
020 ## - INTERNATIONAL STANDARD BOOK NUMBER
International Standard Book Number 9780230304031
050 ## - LIBRARY OF CONGRESS CALL NUMBER
Classification number HB 615 Bur
100 ## - MAIN ENTRY--PERSONAL NAME
Personal name Burns, Paul
245 10 - TITLE STATEMENT
Title Corporate entrepreneurship: innovation and strategy in large organizations. (3rd ed).
Statement of responsibility, etc. by Paul Burns.
250 ## - EDITION STATEMENT
Edition statement 3rd ed.
260 ## - PUBLICATION, DISTRIBUTION, ETC.
Place of publication, distribution, etc. New York
Date of publication, distribution, etc. 2013
300 ## - PHYSICAL DESCRIPTION
Extent xxv, 499p.: ill.
350 ## - PRICE (NR) (BK AM CF MU VM SE) [OBSOLETE]
Price 72.00
650 #0 - SUBJECT ADDED ENTRY--TOPICAL TERM
Topical term or geographic name entry element CREATIVE ABILITY IN BUSINESS
650 #0 - SUBJECT ADDED ENTRY--TOPICAL TERM
Topical term or geographic name entry element ORGANIZATIONAL CHANGE--MANAGEMENT
650 #0 - SUBJECT ADDED ENTRY--TOPICAL TERM
Topical term or geographic name entry element INDUSTRIAL MANAGEMENT
650 #0 - SUBJECT ADDED ENTRY--TOPICAL TERM
Topical term or geographic name entry element ENTREPRENEURSHIP
650 #0 - SUBJECT ADDED ENTRY--TOPICAL TERM
Topical term or geographic name entry element TECHNOLOGICAL INNOVATIONS--MANAGEMENT
995 ## - RECOMMENDATION 995 [LOCAL, UNIMARC FRANCE]
-- CBU-MAIN LIBRARY (Kitwe)
-- 72.00
-- 1
-- AVAILABLE
-- May 20, 2015
-- Main Library Open Access Collection
Holdings
Withdrawn status Lost status Source of classification or shelving scheme Damaged status Not for loan Home library Current library Shelving location Date acquired Total Checkouts Full call number Barcode Date last seen Price effective from Koha item type
          CBU-MAIN LIBRARY, KITWE. CBU-MAIN LIBRARY, KITWE.   11/30/2022   HB 615 Bur 745401 11/30/2022 11/30/2022 MONOGRAPH